Essay Writing For English Tests /

সংরক্ষণ করুন:
গ্রন্থ-পঞ্জীর বিবরন
প্রধান লেখক: Gabi Duigu
বিন্যাস: গ্রন্থ
ভাষা:English
প্রকাশিত: Tổng Hợp TPHCM, 2009.
সংস্করন:third edition
বিষয়গুলি:
ট্যাগগুলো: ট্যাগ যুক্ত করুন
কোনো ট্যাগ নেই, প্রথমজন হিসাবে ট্যাগ করুন!
Thư viện lưu trữ: Mạng thư viện Đại học Đà Nẵng
LEADER 00993cam a22003011a 4500
001 000035165
003 11436
005 20241011084750.0
008 151104s2009 000 eng
041 |a eng 
082 |a 428.2  |b GA-D 
100 |a Gabi Duigu 
245 0 |a Essay Writing For English Tests /  |c Gabi Duigu, Nguyễn Thành Yến chú giải. 
250 |a third edition 
260 |a Tổng Hợp TPHCM,  |c 2009. 
300 |a 68tr.: ;  |c 25cm. 
650 |a Essay Writing 
653 |a Writing  |a English Tests 
OWN |a LNN 
AVA |a UDN50  |b LNN  |c English  |d 428.2GA-D  |e available  |t Error 5001 Not defined in file expand_doc_bib_avail.  |f 2  |g 0  |h N  |i 0  |j AN  |k 1 
999 |a From the UDN01 
AVA |a UDN50  |b LNN  |c English  |d 428.2GA-D  |e available  |t Error 5001 Not defined in file expand_doc_bib_avail.  |f 2  |g 0  |h N  |i 0  |j AN  |k 1 
TYP |a Monograph 
TYP |a Printed language 
980 |a Mạng thư viện Đại học Đà Nẵng